000 00386nam a2200145Ia 4500
008 151213s9999 xx 000 0 und d
100 _aWalter Ripman
245 _aEnglish Phonetics
_cWalter Ripman
260 _aLondon
_bJ.M.Dent and Sons Ltd.
_c1957
300 _a8862 p.
650 _aEnglish Literature
650 _aEnglish Literature
700 _aWalter Ripman
999 _c4647
_d4647